000 01099nam0a22002771 4500
001 rc\2703058
005 20250623170909.0
035 _a(NLR Aleph) 006831173
090 _a6546528
_c6546528
100 _a20110915d1934 |||y0rusy50 ca
101 0 _arus
102 _aRU
105 _aae z |||||
200 1 _aБукварь для вспомогательных школ
_eДопущен Наркомпросом РСФСР
_fЕ. Буцкова, А. Берая
_gПод ред. Е. Завьяловой
210 _aМосква
_cГос. учеб.-педагог. изд-во
_d1934
_gОбразцовая тип.
215 _aПереплет, 64 c., 16 с. отд. "Приложение..."
_cил.
_d18х27 см.
300 _aХудож.: Н. Тембицкая, А. Комаров и М. Михаэлис
700 1 _aБуцкова
_bЕ.И.
_gЕвгения Ивановна
701 1 _aБерая
_bА.
702 1 _aЗавьялова
_bЕ.
_4340
801 0 _aRU
_bNLR
_gpsbo
801 1 _aRU
_bELAR
_2rusmarc
852 _aNLR
_j34-12/980
942 _cBOOK
980 _aNB